[Event "CZE-ch Amateurs Blitz"]
[Site "Hluk"]
[Date "2025.05.09"]
[Round "1"]
[White "Hajek, Oskar"]
[Black "Druska, Pavol"]
[Result "1-0"]
[WhiteElo "2130"]
[BlackElo "1761"]
[PlyCount "61"]
[EventDate "2025.05.09"]
[EventType "swiss (blitz)"]
[EventRounds "13"]
[EventCountry "CZE"]
[SourceTitle "CB20_2025"]
[SourceDate "2025.05.14"]
[SourceVersion "1"]
[SourceVersionDate "2025.05.14"]
[SourceQuality "1"]

1. c4 e5 2. Nc3 Bc5 3. Nf3 d6 4. e3 Nf6 5. d4 exd4 6. exd4 Qe7+ 7. Be2 Bb4 8. 0-0 Bxc3 9. bxc3 0-0 10. Bd3 h6 11. Re1 Qd7 12. d5 Re8 13. Rxe8+ Qxe8 14. Be3 Bg4 15. h3 Bh5 16. g4 Qd7 17. Bf5 Qe7 18. gxh5 Nxh5 19. Qd4 Nf6 20. Re1 Nbd7 21. Bxh6 Ne5 22. Nxe5 dxe5 23. Rxe5 Qd6 24. Bg5 c5 25. Qf4 Qa6 26. Bd3 Qxa2 27. Bxf6 Qa1+ 28. Kg2 gxf6 29. Qh6 Qxc3 30. Qh7+ Kf8 31. Qh8# 1-0

[Event "SVK-ch blitz"]
[Site "Poprad"]
[Date "2025.05.02"]
[Round "1"]
[White "Haborak, Kristian"]
[Black "Druska, Pavol"]
[Result "1-0"]
[WhiteElo "2048"]
[BlackElo "1761"]
[PlyCount "65"]
[EventDate "2025.05.02"]
[EventType "swiss (blitz)"]
[EventRounds "13"]
[EventCountry "SVK"]
[SourceTitle "CB19_2025"]
[SourceDate "2025.05.07"]
[SourceVersion "1"]
[SourceVersionDate "2025.05.07"]
[SourceQuality "1"]

1. d4 e6 2. Nf3 d5 3. c4 Nf6 4. Nc3 c6 5. Bg5 Bb4 6. a3 Bxc3+ 7. bxc3 Qa5 8. Bd2 Ne4 9. e3 Nd7 10. Bd3 Ndf6 11. 0-0 Bd7 12. Ne5 Qc7 13. Bc1 Nxc3 14. Qc2 Nce4 15. f3 Nc5 16. Be2 b5 17. cxb5 cxb5 18. Nxd7 Nfxd7 19. dxc5 Nxc5 20. Bxb5+ Ke7 21. Bb2 Qb6 22. a4 a6 23. Be2 Rac8 24. Bd4 Qa5 25. Rfc1 Ne4 26. Qb2 Rxc1+ 27. Rxc1 Nd6 28. Bc5 Rd8 29. Qb7+ Kf8 30. Bb6 Qd2 31. Qc7 Qxe3+ 32. Bxe3 Rc8 33. Qxd6+ 1-0

[Event "Kremnica op"]
[Site "Kremnica"]
[Date "2024.08.16"]
[Round "2"]
[White "Druska, Pavol"]
[Black "Hutta, Marian"]
[Result "1-0"]
[WhiteElo "1761"]
[BlackElo "1564"]
[PlyCount "119"]
[EventDate "2024.08.15"]
[EventType "swiss"]
[EventRounds "7"]
[EventCountry "SVK"]
[SourceTitle "CBM 221 Extra"]
[Source "ChessBase"]
[SourceDate "2024.09.30"]
[SourceVersion "1"]
[SourceVersionDate "2024.09.30"]
[SourceQuality "1"]

1. e4 e5 2. Nf3 Nc6 3. Bc4 Bc5 4. c3 Nf6 5. d4 exd4 6. cxd4 Bb4+ 7. Nc3 h6 8. 0-0 0-0 9. e5 Nh7 10. d5 Ne7 11. Qc2 b6 12. Bd3 Ng6 13. Bxg6 fxg6 14. Qxg6 Qe8 15. Qg3 Rxf3 16. gxf3 Kh8 17. Bd2 Bb7 18. a3 Bc5 19. Ne4 Bxd5 20. Nxc5 bxc5 21. Bc3 Ng5 22. Rad1 Nxf3+ 23. Kh1 Nd4+ 24. f3 Ne2 25. Qf2 Nxc3 26. bxc3 Qxe5 27. Rfe1 Qf5 28. Re3 Bc6 29. Qg3 Rf8 30. Rf1 g5 31. Kg1 c4 32. Qxc7 Qc5 33. Qe5+ Qxe5 34. Rxe5 a5 35. Rxa5 Re8 36. Kf2 Rf8 37. Kg3 Re8 38. Rc5 Ra8 39. Ra1 Rf8 40. Rf1 Ra8 41. Ra1 Rf8 42. Rxc4 Rxf3+ 43. Kg4 Kg7 44. h4 h5+ 45. Kxg5 Rg3+ 46. Kf5 Kf7 47. a4 Rf3+ 48. Rf4 Rxc3 49. Kg5+ Kg7 50. Kxh5 Rg3 51. Rg4+ Rxg4 52. Kxg4 d5 53. a5 d4 54. Kf4 d3 55. Ke3 d2 56. Kxd2 Kh6 57. a6 Kh5 58. a7 Kxh4 59. a8Q Bxa8 60. Rxa8 1-0

[Event "Kremnica op"]
[Site "Kremnica"]
[Date "2024.08.16"]
[Round "3"]
[White "Mrmus, Pavol"]
[Black "Druska, Pavol"]
[Result "0-1"]
[WhiteElo "1627"]
[BlackElo "1761"]
[PlyCount "117"]
[EventDate "2024.08.15"]
[EventType "swiss"]
[EventRounds "7"]
[EventCountry "SVK"]
[SourceTitle "CBM 221 Extra"]
[Source "ChessBase"]
[SourceDate "2024.09.30"]
[SourceVersion "1"]
[SourceVersionDate "2024.09.30"]
[SourceQuality "1"]

1. e4 e6 2. d4 d5 3. exd5 exd5 4. Nf3 Nf6 5. Bd3 c5 6. Bb5+ Nc6 7. Ne5 Qb6 8. Qe2 Be7 9. dxc5 Qxc5 10. 0-0 0-0 11. Nxc6 bxc6 12. Bd3 Bg4 13. Qe1 Rfe8 14. Qc3 Qb6 15. Be3 c5 16. Qb3 Qc7 17. c4 Bd6 18. g3 Rab8 19. Qc2 Be5 20. Nc3 d4 21. Nb5 Rxb5 22. cxb5 dxe3 23. fxe3 Bh3 24. Rf3 Bg4 25. Rf2 Bxg3 26. hxg3 Qxg3+ 27. Rg2 Qxe3+ 28. Rf2 Bh3 29. Bf1 Qg5+ 30. Bg2 Ne4 31. Re1 f5 32. Qc4+ Kh8 33. Qf7 Rg8 34. Rfe2 Bxg2 35. Rxg2 Qh4 36. Ree2 Nd6 37. Qe6 Qd4+ 38. Kh1 Ne4 39. Qxf5 Ng3+ 40. Rxg3 Qd1+ 41. Rg1 Qxe2 42. Qxc5 Qxb2 43. a4 Qb3 44. Ra1 Qh3+ 45. Kg1 Rc8 46. Qxa7 h6 47. Qf2 Qg4+ 48. Kh2 Qg6 49. Rg1 Qd6+ 50. Qg3 Qd4 51. Qg4 Rc2+ 52. Kh3 Qb2 53. Rg2 Qc3+ 54. Rg3 Qa1 55. Rg1 Rc3+ 56. Kh2 Rc2+ 57. Rg2 Qe5+ 58. Qg3 Qh5+ 59. Kg1 0-1